000
002740000a22000970004500
100
1
_a
Gillmayr Buchel, Susanne
245
1
0
_a
Body images in the Psalms
300
_a
Vol. 28, Núm 3 (2004), Páginas 301-326
773
0
_t
Journal for the Study of the Old Testament
942
_c
ANA
999
_c
54921
_d
54921